| 000 | 00000nam 2200000zi 4500 |
| 001 | 9.925711 |
| 003 | CaOODSP |
| 005 | 20240201162925 |
| 006 | m o d f |
| 007 | cr cn||||||||| |
| 008 | 230731t20232023oncd ob f00| 0 eng d |
| 020 | |a9780660497327 |
| 040 | |aCaOODSP|beng|cCaOODSP|erda |
| 043 | |an-cn--- |
| 086 | 1 |aPS104-20/2023E-PDF |
| 100 | 1 |aZinger, Ivan, |eauthor. |
| 245 | 10|aTen years since Spirit Matters : |ba roadmap for the reform of Indigenous corrections in Canada / |cIvan Zinger. |
| 264 | 1|a[Ottawa] : |bOffice of the Correctional Investigator = Bureau de l'enquêteur correctionnel, |c2023. |
| 264 | 4|c©2023 |
| 300 | |a1 online resource (156 pages) : |bcharts |
| 336 | |atext|btxt|2rdacontent |
| 337 | |acomputer|bc|2rdamedia |
| 338 | |aonline resource|bcr|2rdacarrier |
| 500 | |aIssued also in French under title: Dix ans depuis Une question de spiritualité : une feuille de route pour la réforme du système correctionnel canadien pour Autochtones. |
| 504 | |aIncludes bibliographical references (pages 151-156). |
| 650 | 0|aIndigenous peoples|xCriminal justice system|zCanada. |
| 650 | 0|aCriminal justice, Administration of|zCanada. |
| 650 | 0|aRacism in criminal justice administration|zCanada|xPrevention. |
| 710 | 1 |aCanada. |bOffice of the Correctional Investigator, |eissuing body. |
| 775 | 08|tDix ans depuis Une question de spiritualité : |w(CaOODSP)9.925713 |
| 776 | 0#|tTen years since spirit matters : |w(CaOODSP)9.925712 |
| 856 | 40|qPDF|s2.08 MB|uhttps://publications.gc.ca/collections/collection_2024/bec-oci/PS104-20-2023-eng.pdf |